000 00424nab a2200145Ia 4500
003 ES-SlBCS
005 20210601125229.0
008 140529s1971 xxu||||| |||| 00| 0 eng d
041 _aeng
100 1 _aLevy, Solomon E.
_9155691
245 0 0 _aLogical Impossibility
_c Solomon E. Levy
650 0 4 _aLógica
_914736
773 0 _tPhilosophy and Phenomenological Research
_gvol. 32, 1971, págs. 166-187
_wRev1411
942 _cAR
999 _c526883
_d526883